Manual del guerrero de la luz

Furkejuvvon:
Bibliográfalaš dieđut
Váldodahkki: Coelho, Paulo (Dahkki)
Materiálatiipa: Girji
Giella:espánnjágiella
Almmustuhtton: Santiago Grijalbo 2003
Preanttus:6a. ed
Fáttát:
Fáddágilkorat: Lasit fáddágilkoriid
Eai fáddágilkorat, Lasit vuosttaš fáddágilkora!

MARC

LEADER 00000nam a2200000 a 4500
001 UCL5003
003 CL-VaPUC
008 040227e20030000CL |||||||||||||||||spa|d
020 |a 9560510920 
082 0 4 |a B869.04  |b COE  |2 21 
100 0 |a Coelho, Paulo  |e author  |9 482748 
245 1 0 |a Manual del guerrero de la luz 
250 |a 6a. ed 
300 |a 155 p 
942 |c BK 
945 |d 20040227 00:00:00  |a cmena 
260 |a Santiago  |b Grijalbo  |c 2003 
650 0 |a Literatura brasileña  |9 269433 
650 7 |a ENSAYOS BRASILEÑOS  |2 CL-VaPUC  |9 476025 
583 |a last modification  |c 20040227 00:00:00  |k Rodrigo Vera 
999 |c 307747  |d 307745 
952 |0 0  |1 0  |4 0  |6 B_869_040000000000000_COE_2003  |7 0  |8 A  |9 373851  |a BIBEDU  |b BIBEDU  |d 2019-11-21  |i 3986691  |l 1  |o B869.04 COE 2003  |p 3986691  |r 2024-10-01  |s 2024-09-10  |w 2019-11-21  |y BK  |k PAR